00641nam a2200181Ia 4500952014900000999001700149003000400166005001700170008004100187040000900228082001800237100003000255245004900285260005300334300000900387650002000396942004300416 00102ddc40708ENCYCLOPAEDIAaMESbMEScENCYCLOPAEDIAd2019-02-20g420.00l0o297.03 RAN/Ip21286r2019-02-20 00:00:00w2019-02-20yREFzU13R4 c36217d36217OSt20201222121504.0190216s9999||||xx |||||||||||||| ||und|| coclc a297.03bRAN/I aRandathani, Husain 91881 0aIslamika Vijnhanakosham /cHusain Randathani bPoomkavanam Books Publishers,c1991.aKozhikode: a910p aIslamic History cREF2ddch297.03iRAN/Ik297.03mRAN/I